Výzva ke zvýšení kultury řízení Hlavní překážky

V domácom manažmente prevládajú prístupy zamerané na plnenie rozsahu prác a dodržanie časových hľadísk a nie na kvalitu a kultúru riadenia. Autokratický štýl riadenia. Projektový prístup k riadeniu.

Gespeichert in:
Bibliographische Detailangaben
1. Verfasser: Chudoba, R.
Format: Buchkapitel
Sprache:Tschechisch
Schlagworte:
Tags: Tag hinzufügen
Keine Tags, Fügen Sie das erste Tag hinzu!

MARC

LEADER 00000naa a2200000 4500
001 r016924
005 20221208131100.5
041 0 |a cze 
044 |a CZ 
245 1 0 |a Výzva ke zvýšení kultury řízení  |b Hlavní překážky  |c R. Chudoba 
520 |a V domácom manažmente prevládajú prístupy zamerané na plnenie rozsahu prác a dodržanie časových hľadísk a nie na kvalitu a kultúru riadenia. Autokratický štýl riadenia. Projektový prístup k riadeniu. 
610 2 0 |a riadenie 
610 2 0 |a kultúra 
610 2 0 |a metódy riadenia 
610 2 0 |a manažment 
610 2 0 |a Česko 
100 1 |a Chudoba, R.